000 00496nam a22001817a 4500
003 OST
005 20240305140550.0
008 240305b |||||||| |||| 00| 0 eng d
020 _a9789998059054
040 _cBT-PhCST
050 _aD4582-D4585
082 _222
_a808.54
_bDEC
100 _4Dechen, Rabgyal.
245 _aFrom mongar to thimphu via london :
_bOn my Way to Mayul /
260 _aBhutan :
_bKuensel Corporation ,
_c2022.
300 _axv, 183 p. :
_bill. ;
_c21 cm.
942 _2ddc
_cF
999 _c9685
_d9685